Introduction to the theory of error-correcting codes /

Guardado en:
Autor Principal: Pless, Vera.
Formato: Libro
Idioma:English
Publicado: New York : Wiley, c1982.
Series:Wiley-Interscience series in discrete mathematics
Materias:
Etiquetas: Agregar Etiqueta
Sin Etiquetas, Sea el primero en etiquetar este registro!
LEADER 01121pam a2200241 a 4500
001 MAT.inmabb004563
008 810603s1982####nyua#####b####001#0#eng##
005 20130319113056.0
245 1 0 |a Introduction to the theory of error-correcting codes /  |c Vera Pless. 
260 |a New York :  |b Wiley,  |c c1982. 
300 |a xi, 169 p. :  |b il. ;  |c 24 cm. 
440 0 |a Wiley-Interscience series in discrete mathematics 
500 |a "A Wiley-Interscience publication." 
504 |a Bibliografía: p. 163-164. 
505 0 |a 1. Introductory concepts -- 2. Useful background -- 3. A double-error-correcting B.C.H. code and a finite field of 16 elements -- 4. Finite fields -- 5. Cyclic codes -- 6. The group of a code and quadratic residue (Q.R.) codes -- 7. Bose-Chaudhuri-Hocquenghem (B.C.H.) codes -- 8. Weight distributions -- 9. Designs -- 10. Some codes are unique. 
510 4 |a MR,  |c 83d:94017 
020 |a 0471086843 
100 1 |a Pless, Vera. 
650 0 |a Error-correcting codes (Information theory) 
084 |a 94Bxx (94-01)  |2 MR 
010 |a  81010417  
040 |a DLC  |c DLC  |d DLC 
859 |h 94  |i P726  |p A-6134  |b BIB. MATEMATICA